000 00472nam a22001572 4500
001 0000024653
005 20151217161644.0
008 140123s xx 000 0 eng d
040 _aKABU
_cKABU
100 1 _aTum, Susan Chepkemoi.
_@0000185035
245 1 3 _aAn Assessment of the problems posed to financial institutions by money laundering /
_cSusan Chepkemoi Tum.
260 _c2013.
908 _a140123
950 _@1
999 _c15495
_d15495